Pinturas de antiguos maestros. (Record no. 568)

MARC details
000 -CABECERA
campo de control de longitud fija 00848nam a2200205 a 4500
001 - NÚMERO DE CONTROL
campo de control BRCA_653
005 - FECHA Y HORA DE LA ÚLTIMA TRANSACCIÓN
campo de control 20190320203110.0
008 - DATOS DE LONGITUD FIJA--INFORMACIÓN GENERAL
campo de control de longitud fija 100408s1993----uk-a---###---#000-0#eng-#
041 ## - CÓDIGO DE LENGUA
Código de lengua del texto/banda sonora o título independiente eng
044 ## - CÓDIGO DEL PAÍS DE LA ENTIDAD EDITORA/PRODUCTORA
Código MARC del país Uk
050 #4 - SIGNATURA TOPOGRÁFICA DE LA BIBLIOTECA DEL CONGRESO
Número de clasificación ND150
Número de documento/Ítem .P5 1993
245 10 - MENCIÓN DE TÍTULO
Título Pinturas de antiguos maestros.
260 ## - PUBLICACIÓN, DISTRIBUCIÓN, ETC.
Lugar de publicación, distribución, etc. Londres
Nombre del editor, distribuidor, etc. Harari and Johns : British Airways
Fecha de publicación, distribución, etc. 1993
300 ## - DESCRIPCIÓN FÍSICA
Extensión 1 v. (sin paginación)
Otras características físicas il. a color
Dimensiones 27 cm.
Material acompañante/anejo 1 ejemplar en español y sin imágenes
500 ## - NOTA GENERAL
Nota general Catálogo de la exposición realizada en el Museo de San Carlos (Ciudad de México), 28 abril-9 mayo, 2003 y en el Museo de Monterrey (Monterrey), 13-23 mayo, 2003
500 ## - NOTA GENERAL
Nota general 2do. ejemplar en el Área de Investigación (pero sin material complementario)
650 14 - PUNTO DE ACCESO ADICIONAL DE MATERIA--TÉRMINO DE MATERIA
Término de materia o nombre geográfico como elemento de entrada Pintura
Subdivisión general Antiguos maestros
9 (RLIN) 2191
650 14 - PUNTO DE ACCESO ADICIONAL DE MATERIA--TÉRMINO DE MATERIA
Término de materia o nombre geográfico como elemento de entrada Pintura
Subdivisión cronológica Siglo XVI-XX
Subdivisión geográfica España y México
9 (RLIN) 2192
942 ## - ELEMENTOS DE PUNTO DE ACCESO ADICIONAL (KOHA)
Fuente del sistema de clasificación o colocación Library of Congress Classification
Tipo de ítem Koha Libros
Holdings
Estado de retiro Estado de pérdida Estado dañado No para préstamo Localización permanente Ubicación/localización actual Fecha de adquisición Total de préstamos Signatura topográfica completa Código de barras Fecha visto por última vez Precio válido a partir de Tipo de ítem Koha Código de colección
El ejemplar forma parte de la colección y puede ser consultado según las políticas vigentes.       Biblioteca del Museo Franz Mayer (Rogerio Casas-Alatriste) Biblioteca del Museo Franz Mayer (Rogerio Casas-Alatriste) 25/06/2008   ND150 .P5 1993 01601 22/03/2019 22/03/2019 Libros  
El ejemplar forma parte de la colección y puede ser consultado según las políticas vigentes.       Biblioteca del Museo Franz Mayer (Rogerio Casas-Alatriste) Biblioteca del Museo Franz Mayer (Rogerio Casas-Alatriste) 02/02/2012   ND150 .P5 1993 02581 22/03/2019 22/03/2019 Libros Acervo General